000 00307nam a22001337a 4500
008 181030b xxu||||| |||| 00| 0 eng d
020 _a0721611419
041 _aeng
080 _a610.73
100 _a2
101 _aINF
245 _aCore Curriculum for Critical Care Nursing
_cAlspach
942 _2udc
_cBK
999 _c51115
_d51115